Udarat pavula hena saha arthikaya (Record no. 2064)
[ view plain ]
| 000 -LEADER | |
|---|---|
| fixed length control field | 00396nam a2200145Ia 4500 |
| 005 - DATE AND TIME OF LATEST TRANSACTION | |
| control field | 20250616002642.0 |
| 008 - FIXED-LENGTH DATA ELEMENTS--GENERAL INFORMATION | |
| fixed length control field | 240331s9999 xx 000 0 und d |
| 082 ## - DDC Classification | |
| Item Number - Author Mark | WIJ |
| Class No. | 305 |
| 100 ## - MAIN ENTRY--PERSONAL NAME | |
| Personal name | Wijesinghe, P.R.H. |
| 245 #0 - TITLE STATEMENT | |
| Title | Udarat pavula hena saha arthikaya |
| 260 ## - PUBLICATION, DISTRIBUTION, ETC. | |
| Place of publication, distribution, etc. | Moratuwa |
| Name of publisher, distributor, etc. | Thodangoda & Samagama |
| 300 ## - PHYSICAL DESCRIPTION | |
| Extent (e.g. Volumes, Pages etc.) | 112 p ., |
| 500 ## - GENERAL NOTE | |
| General note | A Book of Upcountry family chena & Economy |
| 942 ## - Koha item type (Biblio) | |
| Koha item type | Books in Stacks (Lending) |
| Lost status | Damaged status | Collection code | Home library | Current library | Shelving location | Date acquired | Full call number | Accession Number | Item type |
|---|---|---|---|---|---|---|---|---|---|
| Lending | WERC Library | WERC Library | Social Science Cupboard | 03/31/2024 | 305.8 WIJ | 3475 | Books in Stacks (Lending) |
